LEADER 00964nam a2200229 i 4500 001 000000158218 003 CaOOAMICUS 005 20070202000000.0 008 070202s1918 it u000 u ita u 013 $a135581 040 $aSeMil$bita 100 1 $aPasetti, Carlo.$0(OLS)http://semarc/name/25956 245 10$aGiovanni Rasori :$b1766-1837 /$cCarlo Pasetti. 260 $aMilano :$bStabilimento Tipo-litografico Stucchi, Ceretti,$c1918. 300 $a12 p. :$bill. ;$c28 cm. 500 $aEstratto dalla rivista : L'Ospedale Maggiore, n. 5, Maggio 1918. 650 4$aRasori, Giovanni <1766-1837>.$0(OLS)http://semarc/subject/16876 850 $aSeMil 852 $aSeMil$W1$xVenegono$y1$m5A XI 9/24$j109874$B109874$CSeMilBibl$Z2$F119511 $81 961 $aRecupero: Altro 996 $6245$aGiovanni Rasori :$b1766-1837$9(OLS)http://semarc/title/139503 996 $6260$aMilano :$bStabilimento Tipo-litografico Stucchi, Ceretti$9(OLS)http://semarc/publisher/44042 LEADER 01332nam a2200253 i 4500 001 000000247559 003 CaOOAMICUS 005 20240325123619.0 008 160121s1877 it u000 u ita u 040 $aSeMil$bita 100 1 $aGraf, Arturo,$c<1848-1913>.$0(OLS)http://semarc/name/7681 245 10$aDi una trattazione scientifica della storia letteraria :$bprolusione al corso di letteratura italiana letta nella R. Università addì 28 novembre 1877 /$cArturo Graf. 264 1$aRoma [etc.] :$bErmanno Loescher,$c1877. 300 $a34 p. ;$c19 cm. 650 4$aLetteratura - Storia.$0(OLS)http://semarc/subject/2842 850 $aSeMil 852 $aSeMil$W1$xVenegono$y1$m1S V 32 FA$j197905$B197905$CSeMilBibl$Z2$F209061 $8I 852 $aSeMil$W1$xVenegono$y1$m5A IV 10/19$j241943$B245843$CSeMilBibl$Z2$F245843 $8I 961 $aLascito: Colombo Card. Giovanni 961 $aEtichetta della Biblioteca del Seminario liceale di Monza 961 $aRecupero da Biblioteca Seminario liceale - Monza 996 $6245$aDi una trattazione scientifica della storia letteraria :$bprolusione al corso di letteratura italiana letta nella R. Università addì 28 novembre 1877$9(OLS)http://semarc/title/349558 996 $6264$aRoma [etc.] :$bErmanno Loescher$9(OLS)http://semarc/publisher/42140